| 000 | 00658nam 22002173 4500 | ||
|---|---|---|---|
| 001 | 202675 | ||
| 010 | _a978-989-23-4488-1 | ||
| 021 |
_aPT _b452188/19 |
||
| 090 | _a202675 | ||
| 100 | _a20260622d u||y0pory50 ba | ||
| 200 |
_aO Feiticeiro de Champignac. Spirou e os herdeiros _fFranquin _gtradução de Pedro Cleto [e] Paula Caetano |
||
| 210 |
_aAlfragide _cEdições Asa II _d2019 |
||
| 215 |
_a126, [2] p. _cil. ; encadernado _d30 cm |
||
| 225 |
_aSpirou e Fantásio _h1 |
||
| 606 |
_91586 _aDesenho Artístico |
||
| 610 | _aBanda Desenhada | ||
| 675 |
_a74 _vPT _zpor |
||
| 700 |
_910122 _aFranquim |
||
| 801 |
_aPT _bBMMN _gRPC |
||
| 830 | _cIsabel | ||
| 990 | _cLIVROS | ||